000 00440nam a2200181Ia 4500
001 14259
003 IN-NITTTR
005 20251114233134.0
008 251113s9999||||xx |||||||||||||| ||eng||
040 _beng
040 _cIN-NITTTR
041 _aeng
082 _a332 V191M
100 _aVaid, A. C.
245 0 _aMoney, banking and international trade /
_cVaid, A. C., Jagwant Singh
700 _a Jagwant Singh,
942 _2ddc
_cBK
999 _c16895
_d16895